Korelačná analýza kvalitatívnych parametrov pšenice dvojzrnnej

Korelačná analýza medzi nepriamymi mlynárskymi, pekárskymi a fytoprotektívnymi parametrami pšenice dvojzrnnej. Význam analýzy z hľadiska šľachtenia genotypov pre prípravu funkčných potravín.

Guardado en:
Detalles Bibliográficos
Autor principal: Lacko-Bartošová, Magdaléna
Otros Autores: Lacko-Bartošová, Lucia
Formato: Capítulo de libro
Lenguaje:eslovaco
Materias:
Etiquetas: Agregar Etiqueta
Sin Etiquetas, Sea el primero en etiquetar este registro!

MARC

LEADER 00000nla a2200000 4500
001 0240422
005 20240502073915.5
041 0 |a slo 
044 |a SK 
245 1 0 |a Korelačná analýza kvalitatívnych parametrov pšenice dvojzrnnej  |c Magdaléna Lacko-Bartošová, Lucia Lacko-Bartošová 
520 |a Korelačná analýza medzi nepriamymi mlynárskymi, pekárskymi a fytoprotektívnymi parametrami pšenice dvojzrnnej. Význam analýzy z hľadiska šľachtenia genotypov pre prípravu funkčných potravín. 
610 2 0 |a analýza korelačná 
610 2 0 |a pšenica 
610 2 0 |a poľnohospodárstvo 
100 1 |a Lacko-Bartošová, Magdaléna 
700 1 |a Lacko-Bartošová, Lucia